00332nam a2200145Ia 4500003000900000008004100009040001300050040001300063100001900076245005900095250001000154260000800164300000800172490000600180IT-RoPAU120407s9999 xx 000 0 und d aIT-RoPAU cIT-RoPAU aGiorgio Zevini aIncontro con la Bibbia. Leggere - pregare - annunciare aRoma  aLas c cm v1